000 00653nam a2200241 i 4500
001 C2-0139092
003 PPAK
005 20180727124609.0
008 971220s1990 nyua|||| ||||| | eng d
020 _a0689315864
040 _aPPAK
_beng
_cPPAK
_erda
082 0 4 _a398.22
_223
090 0 0 _a398.22
_bLUT
_dK
100 1 _aLuttrell, Ida,
_eauthor
245 1 0 _aThree good blankets
264 1 _aNew York :
_bMacmillan ,
_c1990
300 _a[28 pages] :
_bcolour illustrations ;
_c26 cm
336 _2rdacontent
_atext
337 _2rdamedia
_aunmediated
338 _2rdacarrier
_avolume
650 1 0 _aFolk literature, English
942 _ddc
_cB
999 _c43377
_d43377